Geschichte der Pädagogik ... T.5., Pädagogik der Neuzeit

Hlavní autor: Raumer, Karl von, 1783-1865
Jazyk: Němčina
Vydáno: Gütersloh : C. Bertelsmann, 1897
Fyzický popis: XII, 562 s. ; 8°
Knihy
Uloženo v:
LEADER 00761nam a22002657a 4500
001 mzk03001186043
003 CZ BrMZK
005 20240704101106.0
007 ta
008 121223s1897 gw fr|||||00| ||gerod
040 |a BOA001  |b cze  |c BOA001 
072 7 |a 094.5  |x Tisky (19. století)  |2 Konspekt  |9 12 
100 1 |a Raumer, Karl von,  |d 1783-1865  |4 aut 
245 1 0 |a Geschichte der Pädagogik ...  |n T.5.,  |p Pädagogik der Neuzeit 
246 3 0 |a Pädagogik der Neuzeit 
260 |a Gütersloh :  |b C. Bertelsmann,  |c 1897 
300 |a XII, 562 s. ;  |c 8° 
510 3 |a DNB 
910 |a SVE950  |b MT 
978 |b Bertelsmann, C.  |a Gütersloh  |c 1897 
984 |a Gütersloh  |b Německo 
985 |a 1851-1900 
990 |a RP 
991 |k trebova 
980 |g MT-M.IV.61  |1 0 rev. 2024